Algorithmics : the spirit of computing

I tiakina i:
Ngā taipitopito rārangi puna kōrero
Kaituhi matua: Harel, David
Hōputu: Pukapuka
I whakaputaina: springer
Ngā Tūtohu: Tāpirihia he Tūtohu
Kāore He Tūtohu, Me noho koe te mea tuatahi ki te tūtohu i tēnei pūkete!

MARC

LEADER 00000nam a2200000Ia 4500
005 20260515061613.0
100 |a Harel, David, 
020 |a 9783642272653 
942 |c BK 
245 |a Algorithmics : the spirit of computing  
260 |b springer 
999 |c 1  |d 1 
952 |0 0  |1 0  |4 0  |7 0  |a ABDN  |b ABDN  |d 2026-05-15  |l 0  |p 000030  |r 2026-05-15 06:16:14  |w 2026-05-15  |y BK